000 00720nam a2200289Ia 4500
005 20260324140130.0
008 008 260324s9999 xx 000 0 eng d
020 _a9780203736531
037 _aEBOOK
040 _aCRL
040 _beng
040 _cCRL
041 _2eng
041 _aeng
084 _qCRL
100 _aDarrell W. Pepper; Juan C. Heinrich
_91203250
245 4 _aThe Intermediate Finite Element Method
245 0 _bFluid Flow And Heat Transfer Applications
260 _bTaylor and Francis
260 _c1999
365 _a
365 _b370
856 _uhttp://www.taylorfrancis.com/books/9780203736531
942 _cEBOOK
999 _c1804978
_d1804978